000
00272nam a2200121Ia 4500
008
241002s9999 xx 000 0 und d
082
_a
824 WEL
100
_a
Wells, H.G
245
4
_a
The War of the World
260
_a
London:
_c
1963
600
_a
Literature
942
_c
UC
999
_c
19013
_d
19013